000 005420000a22001810004500
003 MACL
005 20160529122555.0
008 160529b xxu||||| |||| 00| 0 eng d
040 _aMACL
_cMACL
041 _aHindi
082 _a891.433
100 _aरेडडी, बालशौरि
_943972
245 _aशंखनाद
_cबालशौरि रेडडी
260 _bसाहित्‍य भवन र
_c2008
_aइलाहाबाद
350 _a250
650 _aNovel
_960781
942 _cHIN
_k891.433/RED
_2ddc
999 _c41562
_d41562